Kérték a Híd bejegyzését közel 30 ezer aláírás

Podrobná bibliografia
Médium: Článok
Jazyk:maďarčina
ISSN:1335-7050
Predmet:

MARC

LEADER 00000nab a2200000 ar4500
001 vtls009623633
003 SK-MaSNL
005 20260318132344.0
008 090702c20090630xo |||||||| 000 b|hun
015 |a SNBRB2009/07  |2 snkbucl 
038 |a SNKBUCL 
040 |a DSZK  |b slo  |c DSZK  |e AACR2 
041 0 |a hun 
044 |a xo  |c SK 
080 |a 329.4  |x (437.6)  |x (=511.141)  |b Most-Híd  |2 2001 
245 0 0 |a Kérték a Híd bejegyzését  |b közel 30 ezer aláírás  |c [szerző] (lpj) 
610 2 7 |a Most-Híd (politická strana)  |2 SNKKA  |9 233352 
648 7 |a 2009  |2 snkbucl  |9 320114 
650 0 7 |a založenie  |2 SNKPH  |9 431500 
773 0 |t Új szó  |g Évf. 62, sz. 149 (30.6.2009), o. 1  |x 1335-7050 
852 |a SNK  |b KIS3GCP 
852 |a DSZK  |b KIS3GCP 
958 |a HU 
958 |a SK 
999 |c 2123052  |d 2124982